| 000 | 01495cam a2200397 a 4500 | ||
|---|---|---|---|
| 999 |
_c173045 _d173045 |
||
| 001 | 11792827 | ||
| 003 | Nust | ||
| 005 | 20180716044353.0 | ||
| 008 | 990921s2000 nyua b 000 1 eng | ||
| 010 | _a 99048830 | ||
| 020 |
_a9788171674091 (pbk.) _cRs. 380 |
||
| 038 | _aArshad | ||
| 040 |
_aDLC _cDLC _dDLC |
||
| 043 | _ae-uk-en | ||
| 050 | 0 | 0 |
_aPR4034 _b.E5 2000 |
| 082 | 0 | 0 |
_a823.7 _bAUS |
| 100 | 1 |
_aAusten, Jane, _d1775-1817. _93693 |
|
| 245 | 1 | 0 |
_aEmma : _ban authoritative text, backgrounds, reviews and criticism / _cJane Austen ; edited by Stephen M. Parrish. |
| 250 | _a3rd ed. | ||
| 260 |
_aNew York : _bW.W. Norton, _c2000. |
||
| 300 |
_aix, 464 p. : _bill. ; _c22 cm. |
||
| 490 | 0 | _aA Norton critical edition | |
| 504 | _aIncludes bibliographical references | ||
| 600 | 1 | 0 |
_aAusten, Jane, _d1775-1817. _tEmma. _911645 |
| 650 | 0 |
_aYoung women _vFiction. _93694 |
|
| 650 | 0 |
_aFathers and daughters _vFiction. _93695 |
|
| 650 | 0 |
_aFemale friendship _vFiction. _93696 |
|
| 651 | 0 |
_aEngland _vFiction. _91072 |
|
| 655 | 7 |
_aHumorous fiction. _2gsafd _97683 |
|
| 655 | 7 |
_aBildungsromans. _2gsafd _93698 |
|
| 655 | 7 |
_aLove stories. _2gsafd _9418 |
|
| 700 | 1 |
_aParrish, Stephen Maxfield. _911646 |
|
| 906 |
_a7 _bcbc _corignew _d1 _eocip _f19 _gy-gencatlg |
||
| 942 |
_2ddc _cBK |
||